01331nam a2200217Ia 45000010005000000080041000050100009000460410014000550820016000692450092000852600027001773000007002045200007002116300022002186300028002406500022002687000026002907000038003167000032003545200727003861934241029s9999 xx 000 0 und d a1813 aEspañol a370-28-2006 0aInsuficiencia tecnológica en las Ciencias Sociales de la Carrera de Pedagogía, 2006 aSan Pedro de Macorís a28 a37 aCiencias Sociales aRecursos Tecnológicos aCiencias Sociales easesora Basora, Olga eautoraDijol Alcalá, Esperanza  eautoraAvilés Roja, Oscar aEl objetivo general del trabajo fue determinar las insuficiencias tecnológicas aplicadas a las Ciencias Sociales, utilizando para con consecución del mismo una encuesta aplicada a los alumnos de Ciencias Sociales y al departamento de pedagogía. La población comprendió 59 estudiantes.De acuerdo a los análisis de los resultados el mayor porcentaje de los estudiantes asumen que los profesores utilizan tecnologías en el aula. Estos datos coincidieron tanto en las encuestas hechas a los estudiantes, como a la del departamento de pedagogía. El estudio recomienda que los encargados del departamento pedagogía deben promover intercambios tecnológicos entre la universidades nacionales e internacionales.